[Event "ch-ESP University 2013"]
[Site "Badajoz ESP"]
[Date "2013.04.17"]
[Round "4.8"]
[White "Ramirez Diaz,J"]
[Black "Torres Ventosa,P"]
[Result "0-1"]
[WhiteElo "2156"]
[BlackElo "2297"]

1.e4 d6 2.d4 Nf6 3.Nc3 e5 4.f4 Nbd7 5.Nf3 exd4 6.Qxd4 c6 7.Be2 d5 8.exd5 Bc5
9.Qd3 Qe7 10.Bd2 O-O 11.O-O-O Nb6 12.Ng5 cxd5 13.Bf3 h6 14.h4 Rd8 15.Rde1 Qd7
16.g4 a5 17.Nh3 Nxg4 18.Bxg4 Qxg4 19.Ne4 Bf5 20.Nef2 Qg6 21.Qb5 Bxc2 22.Rhg1 Ba4
23.Rxg6 Bxb5 24.Rg3 Rac8 25.Kb1 Nc4 26.Bc1 Bd7 27.Nd3 Bf5 28.Ka1 Bd4 29.Ne5 Nxe5
30.fxe5 Bxe5 31.Rgg1 Rxc1+ 32.Rxc1 Bxh3 33.Rce1 Bf6 34.a3 d4 35.Rd1 d3 36.h5 d2  0-1

[Event "ch-ESP University 2013"]
[Site "Badajoz ESP"]
[Date "2013.04.17"]
[Round "5.6"]
[White "Pruja Ramirez de Cartagena,M"]
[Black "Adan Bermudez,S"]
[Result "1/2-1/2"]
[WhiteElo "2217"]
[BlackElo "2304"]

1.e4 d6 2.d4 Nf6 3.Nc3 e5 4.Nge2 Be7 5.f3 Nbd7 6.Be3 c6 7.Qd2 b5 8.d5 cxd5
9.Nxd5 Nxd5 10.Qxd5 Rb8 11.Ng3 Qa5+ 12.Qd2 Qxd2+ 13.Kxd2 a6 14.Nf5 Bf8 15.Rd1 Nf6
16.Kc1 d5 17.Bg5 Be6 18.b3 d4 19.g4 Nd7 20.h4 h5 21.gxh5 Bxf5 22.exf5 Rxh5
23.Bh3 Be7 24.Bxe7 Kxe7 25.Bg4 Rh6 26.Rhe1 Kd6 27.h5 f6 28.Kb2 Rc8 29.f4 Rc3
30.Rg1 Kc5 31.Be2 Rh7 32.fxe5 fxe5 33.a3 Re3 34.Rd2 Nf6 35.b4+ Kd6 36.Bd1 Ke7
37.a4 bxa4 38.Be2 Ne4 39.f6+ gxf6 40.Bd3 Rxh5 41.Rdg2 Ng5 42.Bxa6 Rh8 43.Ra1 a3+
44.Rxa3 Ra8 45.b5 Rxa3 46.Kxa3 e4 47.Kb4 Kd6 48.c4 dxc3 49.Kxc3 Kc5 50.Rf2 Rf8
51.Rf5+ Kb6 52.Kd4 Rd8+ 53.Ke3 Rd3+ 54.Ke2 Rf3 55.Rxf3 Nxf3 56.Ke3 Ng5 57.Kf4 Kc5
58.Bb7 Kd4 59.b6 e3 60.Ba6 Ne6+ 61.Kf5 Nc5 62.Be2 Kc3 63.Kxf6 Nd7+ 64.Kf5 Nxb6
65.Ke4 Kd2 66.Kf3 Nd7 67.Bb5 Ne5+ 68.Ke4 Ng4 69.Kf3 Nf2 70.Be2 Ne4 71.Bf1 Nc3
72.Bc4 Ne4 73.Kxe4 e2 74.Bxe2  1/2-1/2

[Event "ch-ESP University 2013"]
[Site "Badajoz ESP"]
[Date "2013.04.17"]
[Round "5.9"]
[White "Martin Fuentes,A"]
[Black "Cuenca Jimenez,F"]
[Result "1-0"]
[WhiteElo "2301"]
[BlackElo "2186"]

1.e4 d6 2.d4 Nf6 3.Nc3 e5 4.dxe5 dxe5 5.Qxd8+ Kxd8 6.Bc4 Bb4 7.Bd2 Be6 8.Bxe6 fxe6
9.O-O-O Nbd7 10.f3 a6 11.Nh3 Ke7 12.Nf2 b5 13.Rhe1 Rhf8 14.Nd3 Bd6 15.Be3 c5
16.Kb1 c4 17.Nc1 Bb4 18.Bd2 Bc5 19.Be3 Bb4 20.Bd2 Bc5 21.Bg5 h6 22.Be3 Bb4
23.N1e2 Nh5 24.a3 Ba5 25.Rd2 Rad8 26.Red1 Bc7 27.Nc1 Rfe8 28.N1a2 Ba5 29.Rd6 Nb8
30.Bc5 Kf7 31.a4 Rc8 32.Ba3 bxa4 33.Nxa4 Nf4 34.g3 Ng6 35.Nc5 Bc7 36.R6d2 a5
37.Nb7 Nc6 38.Nc3 Rb8 39.Rd7+  1-0

[Event "4th LUCOPEN 2013"]
[Site "Lille FRA"]
[Date "2013.04.17"]
[Round "6.15"]
[White "Haussernot,C"]
[Black "Vassallo Barroche,M"]
[Result "0-1"]
[WhiteElo "2077"]
[BlackElo "2442"]

1.e4 d6 2.d4 Nf6 3.Nc3 e5 4.Nf3 Nbd7 5.Bc4 Be7 6.O-O O-O 7.h3 c6 8.Bb3 b5
9.a3 a6 10.Be3 Bb7 11.Re1 Qc7 12.Qd2 Rad8 13.Rad1 Nb6 14.Qe2 c5 15.d5 Nbd7
16.Bg5 Bc8 17.a4 c4 18.Ba2 Qb8 19.Nb1 Nc5 20.axb5 axb5 21.Nbd2 Na4 22.Qe3 Qc7
23.b4 h6 24.Bh4 Bd7 25.c3 Ra8 26.Bb1 Qa7 27.Nf1 Qxe3 28.Rxe3 g5 29.Bg3 Nh5
30.Bh2 Ng7 31.g4 h5 32.gxh5 Nxh5 33.Rc1 Nf4 34.Bxf4 gxf4 35.Ree1 Kg7 36.h4 Rh8
37.N1h2 Rag8 38.Kf1 Kf8 39.Ke2 Bxh4 40.Rh1 Bd8 41.Kd2 Bb6 42.Ke2 Rg2 43.Rhf1 Rh3
44.Ba2 Rgxh2 45.Nxh2 Nxc3+ 46.Kd2 Nxa2 47.Ra1 Rd3+ 48.Ke2 f3+ 49.Ke1 Nxb4  0-1

[Event "35th Italian Seniors"]
[Site "Arco ITA"]
[Date "2013.04.18"]
[Round "7.3"]
[White "Iudicello,G"]
[Black "Valenti,G"]
[Result "1/2-1/2"]
[WhiteElo "2127"]
[BlackElo "2191"]

1.e4 d6 2.d4 Nf6 3.Nc3 e5 4.Nf3 Nbd7 5.Bc4 Be7 6.O-O O-O 7.a4 c6 8.a5 b5
9.axb6 Nxb6 10.Bb3 Qc7 11.Bg5 h6 12.Be3 Ng4 13.Qe2 Nxe3 14.Qxe3 Bf6 15.dxe5 dxe5
16.Qc5 Nd7 17.Qa5 Bd8 18.Qa3 Re8 19.Rfd1 Be7 20.Qa2 Rf8 21.Bc4 a5 22.Na4 Nc5
23.Nxc5 Bxc5 24.Rd3 Kh7 25.Rc3 Bb4 26.Re3 Bc5 27.Re2 Bg4 28.Qb3 Rab8 29.Qc3 Rb4
30.Bd3 Bd4 31.Nxd4 exd4 32.Qc5 Bxe2 33.Qxf8 Bxd3 34.cxd3 Rxb2 35.Qc5 Qb7
36.g3 Rb1+ 37.Rxb1 Qxb1+ 38.Kg2 Qb5 39.Qxd4 a4 40.Qd6 Qb3 41.Qxc6 a3 42.Qc5 g6
43.Qe7 a2 44.Qf6 Kg8 45.Qd8+ Kg7 46.Qd4+ Kh7 47.Qf6  1/2-1/2

[Event "Russian Junior Girls 2013"]
[Site "Loo RUS"]
[Date "2013.04.18"]
[Round "3"]
[White "Belenkaya,D"]
[Black "Petrova,O"]
[Result "0-1"]
[WhiteElo "2180"]
[BlackElo "2238"]

1.e4 d6 2.d4 Nf6 3.Nc3 e5 4.Nf3 Nbd7 5.Be2 c6 6.O-O b5 7.d5 b4 8.dxc6 bxc3
9.cxd7+ Bxd7 10.bxc3 Nxe4 11.Bc4 Bc6 12.Bd5 Qc7 13.Re1 Nxc3 14.Bxc6+ Qxc6
15.Nxe5 dxe5 16.Rxe5+ Be7 17.Qe1 O-O-O 18.Bb2 Na4 19.Rxe7 Nxb2 20.Qb4 Nc4
21.Rb1 Nb6 22.Rxa7 Rd7 23.Ra6 Rhd8 24.Qe1 Rb7 25.h3 Qc5 26.Ra5 Qc7 27.Rab5 Rb8
28.R1b3 Nd7 29.c4 Rxb5 30.cxb5 Nc5 31.b6 Qd6 32.Qc3 Kb7 33.Rb5 Ne4 34.Qxg7 Qf4
35.Qg4 Qxf2+ 36.Kh2 Nd2 37.Rf5 Nf1+ 38.Kh1 Qxf5 39.Qc4 Rc8 40.Qa4 Kxb6 41.Qb4+ Qb5
42.Qd6+ Rc6 43.Qb8+ Ka5 44.Qa7+ Kb4 45.Qe7+ Kc3 46.Qxf7 Ng3+ 47.Kh2 Qe5 48.Qf3+ Kd2
49.Qxc6 Ne2+ 50.Kh1 Qa1+  0-1

[Event "35th Italian Seniors"]
[Site "Arco ITA"]
[Date "2013.04.19"]
[Round "8.3"]
[White "Bonfa,I"]
[Black "Micheli,C"]
[Result "0-1"]
[WhiteElo "2171"]
[BlackElo "2297"]

1.e4 d6 2.d4 Nf6 3.Nc3 c6 4.Nf3 Bg4 5.Be2 e6 6.O-O d5 7.exd5 cxd5 8.h3 Bxf3
9.Bxf3 Nc6 10.Ne2 Bd6 11.c3 O-O 12.Bf4 Ne7 13.Bxd6 Qxd6 14.Nc1 Ng6 15.Nd3 Nd7
16.g3 Rac8 17.Bg2 Nb6 18.h4 Nc4 19.Re1 Rc7 20.Qe2 Ne7 21.Bh3 Nc6 22.Rad1 Re7
23.Qh5 a5 24.Re2 b6 25.f4 a4 26.a3 Rfe8 27.Qf3 f6 28.Bg2 g6 29.Rde1 Kg7 30.h5 Nd8
31.hxg6 hxg6 32.g4 Nf7 33.Ne5 fxe5 34.fxe5 Nfxe5 35.dxe5 Qc5+ 36.Qf2 Rf7
37.Qxc5 bxc5 38.Rf1 Rb8 39.Rxf7+ Kxf7 40.Bf1 Ke7 41.g5 Kd7 42.Re1 Nxb2  0-1

[Event "ch-ESP University 2013"]
[Site "Badajoz ESP"]
[Date "2013.04.19"]
[Round "9.4"]
[White "Camacho Collados,M"]
[Black "Adan Bermudez,S"]
[Result "0-1"]
[WhiteElo "2425"]
[BlackElo "2304"]

1.d4 d6 2.e4 Nf6 3.Nc3 e5 4.Nge2 Be7 5.g3 Bg4 6.Bg2 exd4 7.Qxd4 Nc6 8.Qe3 O-O
9.Bd2 Ne5 10.b3 Re8 11.h3 Bd7 12.f4 Ng6 13.O-O Bf8 14.Rad1 Qc8 15.g4 h6 16.Qf2 Bc6
17.Ng3 Nh4 18.Bh1 d5 19.exd5 b6 20.Nge4 Nxe4 21.Nxe4 Bxd5 22.Nf6+ gxf6 23.Bxd5 Bc5
24.f5 c6 25.Qxc5 bxc5 26.Bc4 Re4 27.Bd3 Qe8 28.Kf2 Qe5 29.Bxe4 Qxe4 30.Kg3  0-1

[Event "TCh-AUT 2 Mitte 2012-13"]
[Site "Fuerstenfeld AUT"]
[Date "2013.04.19"]
[Round "9.6"]
[White "Schink,B"]
[Black "Kleibel,Uwe"]
[Result "0-1"]
[WhiteElo "2167"]
[BlackElo "2125"]

1.e4 d6 2.d4 Nf6 3.Nc3 e5 4.Nf3 Nbd7 5.Bc4 Be7 6.O-O O-O 7.a4 a6 8.Re1 b6
9.b3 c6 10.Bb2 Qc7 11.Bf1 Re8 12.Qd3 Bb7 13.Ne2 Bf8 14.Ng3 Rad8 15.Rad1 b5
16.Qc3 exd4 17.Nxd4 Nc5 18.axb5 axb5 19.Qf3 Ncd7 20.Ndf5 Ne5 21.Qf4 Re6 22.h4 Ne8
23.h5 h6 24.Qd2 d5 25.Kh1 Bc5 26.b4 Bb6 27.Qf4 Nc4 28.Qxc7 Bxc7 29.Bxc4 dxc4
30.Rxd8 Bxd8 31.Rd1 Bb6 32.Rd7 Bc8 33.Ne7+ Rxe7 34.Rxe7 Kf8 35.Nf5 Bxf5 36.Rxe8+ Kxe8
37.exf5 f6 38.Kg1 Kd7 39.Kf1 c5 40.Bc3 Kd6 41.Ke2 cxb4 42.Bxb4+ Bc5 43.Bd2 b4
44.g4 Kc6 45.Kf3 b3 46.cxb3 cxb3 47.Bc3 Ba3 48.g5 b2 49.gxf6 b1=Q  0-1

[Event "TCh-AUT 2 Mitte 2012-13"]
[Site "Fuerstenfeld AUT"]
[Date "2013.04.19"]
[Round "9.5"]
[White "Ertl,J"]
[Black "Sandner,W"]
[Result "1-0"]
[WhiteElo "2287"]
[BlackElo "2209"]

1.e4 d6 2.d4 Nf6 3.Nc3 e5 4.Nf3 Nbd7 5.Bc4 Be7 6.O-O O-O 7.Re1 c6 8.a4 b6
9.b3 Bb7 10.Bb2 a6 11.Qd2 b5 12.Bd3 Re8 13.Ne2 Bf8 14.Ng3 g6 15.h4 Ng4 16.c4 exd4
17.Bxd4 Nde5 18.cxb5 cxb5 19.axb5 Nxf3+ 20.gxf3 Ne5 21.Kg2 a5 22.h5 Qf6 23.Be2 d5
24.Rxa5 Rxa5 25.Qxa5 dxe4 26.fxe4 Qf4 27.Qc3 Ng4 28.Qf3 Rxe4 29.Qxf4 Rxf4+
30.Kh3 Bc8 31.Ba7 Nxf2+ 32.Kh2 Bb7 33.Bf1 Bd6 34.Kg1 Rf3 35.Re8+ Kg7 36.Bxf2 Bxg3
37.Bd4+ Kh6 38.Bg2 Rd3 39.Be3+ Kxh5 40.Bxb7 Rxb3 41.Bf3+ Kh4 42.Re4+ Bf4
43.Bxf4 Rxf3 44.b6 Rb3 45.Bd6+  1-0

[Event "TCh-AUT 2 Mitte 2012-13"]
[Site "Fuerstenfeld AUT"]
[Date "2013.04.19"]
[Round "9.3"]
[White "Hiermann,D"]
[Black "Supancic,D"]
[Result "1/2-1/2"]
[WhiteElo "2311"]
[BlackElo "2370"]

1.e4 d6 2.d4 Nf6 3.Nc3 c6 4.h3 Qa5 5.Bd3 e5 6.Nf3 Nbd7 7.O-O g6 8.a3 Bg7
9.b4 Qc7 10.dxe5 dxe5 11.Bb2 O-O 12.Ne2 Re8 13.Ng3 Nf8 14.Qd2 h6 15.Rad1 N6h7
16.Qc1 Ne6 17.Rfe1 Nhg5 18.Nxg5 hxg5 19.Nf1 Nf4 20.Ne3 Be6 21.Bf1 a5 22.b5 Rad8
23.Kh2 Bc8 24.Qa1 Ne6 25.bxc6 bxc6 26.Nc4 Nd4 27.Qc1 Be6 28.Qxg5 Nxc2 29.Rxd8 Rxd8
30.Rc1 Nd4 31.Bc3 Ra8 32.Qg3 Bh6 33.Nxe5 Bxc1 34.Bxd4 Rd8 35.Bc3 Rb8 36.f4 Rb3
37.Nxg6 fxg6 38.Qxg6+ Kf8 39.Qh6+ Ke7 40.Qf6+ Kd7 41.Qg7+ Kc8 42.Qf8+ Qd8
43.Ba6+ Kd7 44.Qg7+ Qe7 45.Bc8+ Ke8 46.Qh8+ Qf8 47.Bxe6 Bxf4+ 48.Kg1 Qxh8
49.Bxh8 Rxa3 50.Kf2 Ke7 51.Bf5 Be3+ 52.Ke2 c5 53.e5 Bg5 54.Bd3 a4 55.g3 c4
56.Bxc4 Rxg3 57.Bf6+ Bxf6 58.exf6+ Kxf6 59.Kd2 Ke5 60.Kc2 Rxh3 61.Bb5 Rh4
62.Be8 Kd5 63.Kb2 Kc5 64.Ka3 Rh3+ 65.Kxa4 Rh8 66.Bf7 Rf8 67.Be6 Rf4+ 68.Kb3 Rb4+
69.Kc3 Re4 70.Bf5 Re3+ 71.Kc2 Kc4 72.Kb2 Rb3+ 73.Kc2 Re3 74.Kb2 Re5 75.Bg6 Re7
76.Bf5 Re2+ 77.Kc1 Rf2 78.Be4 Kd4 79.Bh7 Rf7 80.Bg6 Rg7 81.Bf5 Rg5 82.Bh7 Kc3
83.Kd1 Rg2 84.Bf5 Rd2+ 85.Ke1 Ra2 86.Kd1 Ra4 87.Ke2 Rf4 88.Bg6 Kd4 89.Bh7 Rf7
90.Bg6 Rg7 91.Bf5 Re7+ 92.Kd2 Rf7 93.Bg6 Rf2+ 94.Kc1 Rf6 95.Bh7 Ke3 96.Kd1 Rd6+
97.Kc1 Rd7 98.Bf5 Rc7+ 99.Kd1 Rc5 100.Bg6 Rg5 101.Bh7 Rg1+ 102.Kc2 Rg2+ 103.Kd1 Rd2+
104.Kc1 Rd6 105.Bf5  1/2-1/2

[Event "TCh-AUT 2 Mitte 2012-13"]
[Site "Fuerstenfeld AUT"]
[Date "2013.04.20"]
[Round "10.6"]
[White "Maier,J2"]
[Black "Moser,E"]
[Result "0-1"]
[WhiteElo "1880"]
[BlackElo "2443"]

1.e4 d6 2.d4 Nf6 3.Nc3 Nbd7 4.Be3 e5 5.f3 c6 6.Qd2 Qc7 7.Bc4 Be7 8.Nge2 b5
9.Bb3 O-O 10.O-O Nb6 11.a4 b4 12.Nd1 Ba6 13.c3 bxc3 14.bxc3 Rab8 15.a5 Nc4
16.Bxc4 Bxc4 17.Nb2 Ba6 18.Rfb1 Rb7 19.Qc2 Rfb8 20.c4 Nd7 21.Nc1 Bf6 22.dxe5 Nxe5
23.Ncd3 Nxd3 24.Nxd3 Bxa1 25.Rxa1 Qe7 26.Bd4 f6 27.Re1 Qf7 28.c5 Qc4 29.Qxc4+ Bxc4
30.Nf2 Rb1  0-1

[Event "Russian Junior Girls 2013"]
[Site "Loo RUS"]
[Date "2013.04.20"]
[Round "5"]
[White "Kashlinskaya,A"]
[Black "Petrova,O"]
[Result "1-0"]
[WhiteElo "2305"]
[BlackElo "2238"]

1.e4 d6 2.d4 Nf6 3.Nc3 e5 4.Nf3 Nbd7 5.Be2 c6 6.O-O Be7 7.a4 b6 8.Re1 O-O
9.Bc4 a6 10.Bg5 Rb8 11.dxe5 dxe5 12.Ba2 b5 13.Nh4 h6 14.Be3 b4 15.Nb1 Kh7
16.Nf5 Bc5 17.Nd2 g6 18.Bxh6 gxf5 19.Bxf8 Nxf8 20.exf5 Qd4 21.Ne4 Kg7 22.Qf3 Nxe4
23.Rxe4 Qxb2 24.Rd1 Qxc2 25.f6+ Kg6 26.Qg3+ Kxf6 27.Qxe5+ Kg6 28.Qg3+ Kf6
29.Rf4+ Bf5 30.Bb3 Qe2 31.Qh4+ Kg6 32.Qg3+ Kf6 33.Qh4+ Kg6 34.Bxf7+ Kxf7
35.Rxf5+ Ke8 36.Rf1 Be7 37.Qg3 Rd8 38.Re5 Qc2 39.Rfe1 Rd7 40.Qg7 Ng6 41.Re6 Kd8
42.Rxg6 Bc5 43.Qf6+ Re7 44.Rxe7 Bxe7 45.Rg8+ Kd7 46.Qd4+ Kc7 47.Qe5+ Kd7
48.Qd4+ Ke6 49.g3 c5 50.Qg4+ Kd5 51.Qd7+ Bd6 52.Rg5+ Kc4 53.Rg4+ Kd5 54.Kg2 Qd3
55.Rg5+ Kc4 56.Qe6+ Kc3 57.Rd5 Qc4 58.Qe3+ Kb2 59.Rd2+ Qc2 60.Qd3 b3 61.Qxd6 c4
62.Kf3 c3 63.Rxc2+ Kxc2 64.Ke2 a5 65.Qd4  1-0

[Event "TCh-NED Meesterklasse 2012-13"]
[Site "Netherland NED"]
[Date "2013.04.20"]
[Round "9.6"]
[White "Cuijpers,F"]
[Black "Peng Zhaoqin"]
[Result "1-0"]
[WhiteElo "2445"]
[BlackElo "2411"]

1.e4 d6 2.d4 Nf6 3.Nc3 e5 4.dxe5 dxe5 5.Qxd8+ Kxd8 6.Bc4 Ke8 7.Nf3 Bd6 8.Bg5 Nbd7
9.O-O-O h6 10.Bh4 a6 11.Rhe1 Nb6 12.Bb3 Bg4 13.Rd3 g5 14.Bg3 Nfd7 15.Nd5 Nxd5
16.Bxd5 Rb8 17.h3 Bh5 18.a3 a5 19.Nd2 Nb6 20.f3 f6 21.Rd1 Ke7 22.Bf2 Be8
23.Ba2 a4 24.Nf1 Nc8 25.Ne3 Bf7 26.Nf5+ Kf8 27.Bxf7 Kxf7 28.c4 b6 29.Rd5 Ne7
30.Nxd6+ cxd6 31.Rxd6 Rhc8 32.Rxb6 Rxc4+ 33.Kb1 Rxb6 34.Bxb6 Rc6 35.Be3 Ng6
36.g3 Ke7 37.Rd5 h5 38.Ra5 Rc4 39.Rc5 Rxc5 40.Bxc5+ Kd7 41.Be3 h4 42.g4 Kc6
43.Kc2 Kb5 44.b3 Ne7 45.Kc3 Nc6 46.bxa4+ Kxa4 47.Kc4  1-0

[Event "TCh-NED Meesterklasse 2012-13"]
[Site "Netherland NED"]
[Date "2013.04.20"]
[Round "9.6"]
[White "Houben,Jaap"]
[Black "Broekmeulen,Ja"]
[Result "0-1"]
[WhiteElo "2254"]
[BlackElo "2410"]

1.e4 d6 2.d4 Nf6 3.Nc3 Nbd7 4.Nf3 e5 5.Bc4 Be7 6.O-O O-O 7.Re1 c6 8.a4 b6
9.h3 a6 10.Be3 Bb7 11.dxe5 dxe5 12.Bb3 b5 13.Qd3 Qc7 14.axb5 axb5 15.Rxa8 Rxa8
16.Ne2 c5 17.Qxb5 Ba6 18.Qa4 Nb6 19.Bxf7+ Kxf7 20.Qb3+ Bc4 21.Qc3 Nxe4 22.Qxe5 Qxe5
23.Nxe5+ Kg8 24.Nf4 Bf6 25.Nfd3 Bxd3 26.Nxd3 Nd5 27.Bc1 c4 28.Nf4 Nxf4 29.Bxf4 Nc5
30.Rb1 Na4 31.b4 Nc3 32.Re1 Ra2 33.Bd6 Rxc2 34.Bc5 Kf7 35.Kf1 Na4 36.Ra1 Bxa1  0-1

[Event "ch-LTU 2013"]
[Site "Vilnius LTU"]
[Date "2013.04.20"]
[Round "8.4"]
[White "Tvarijonas,T"]
[Black "Laurusas,T"]
[Result "1/2-1/2"]
[WhiteElo "2104"]
[BlackElo "2384"]

1.e4 d6 2.d4 Nf6 3.Nc3 e5 4.dxe5 dxe5 5.Qxd8+ Kxd8 6.Bg5 c6 7.O-O-O+ Kc7
8.Bc4 Bg4 9.f3 Be6 10.Bxe6 fxe6 11.Nge2 Nbd7 12.h3 h6 13.Be3 a5 14.f4 Bc5
15.Bxc5 Nxc5 16.fxe5 Nfd7 17.a4 Nxe5 18.Rdf1 Raf8 19.b3 Kd6 20.Kd2 Ke7 21.Ke3 Na6
22.Na2 Rc8 23.Rf2 Rhd8 24.Nd4 Rf8 25.Nf3 Ng6 26.h4 Rf6 27.h5 Nf8 28.Ne5 Rxf2
29.Kxf2 Nc5 30.Nc3 b5 31.Ke3 Ncd7 32.Nd3 Rb8 33.e5 Nb6 34.Rh4 Nfd7 35.Rg4 Kf7
36.Ke2 Nd5 37.Nxd5 cxd5 38.axb5 Rxb5 39.Rf4+ Kg8 40.g4 Nb8 41.Kd2 Nc6 42.Kc3 Rb6
43.Kd2 d4 44.Kd1 Rb5 45.Kd2 Rd5 46.Kd1 Na7 47.Kd2 Nb5 48.Rf1 Nc3 49.Nf4 Rd8
50.Nxe6 Re8 51.Nxd4 Ne4+ 52.Kc1 Rxe5 53.Re1 Kf7 54.Nc6 Re8 55.Nxa5 Nf6 56.Rxe8 Kxe8
57.c4 Nxg4 58.b4 Nf6 59.b5 Nxh5 60.b6 Kd7 61.c5 Nf4  1/2-1/2

[Event "ch-SRB 2013"]
[Site "Vrnjacka Banja SRB"]
[Date "2013.04.20"]
[Round "6.5"]
[White "Brenjo,S"]
[Black "Damljanovic,B"]
[Result "1/2-1/2"]
[WhiteElo "2516"]
[BlackElo "2536"]

1.e4 d6 2.d4 Nf6 3.Nc3 e5 4.Nf3 Nbd7 5.Bc4 Be7 6.O-O Nb6 7.Bb3 exd4 8.Qxd4 O-O
9.a4 a5 10.h3 Nfd7 11.Be3 Nc5 12.Qd1 Nxb3 13.cxb3 c6 14.Re1 Nd7 15.Nd2 f5
16.exf5 Rxf5 17.Nf3 Nf8 18.Bb6 Qxb6 19.Rxe7 Qd8 20.Qe2 Bd7 21.Nd4 Rf6 22.Re1 Ng6
23.Qc4+ Kh8 24.R7e3 d5 25.Qe2 Nf4 26.Qd2 c5 27.Nde2 d4 28.Nxf4 dxe3 29.Qxe3 Bc6
30.Ne6 Qe7 31.Nxc5 Qxe3 32.Rxe3 b6 33.Nd3 Re8 34.Ne5 Kg8 35.Nc4 Rxe3 36.fxe3 Re6
37.Kf2 Bb7 38.Nd2 Rf6+ 39.Kg1 Kf8 40.e4 Ke8 41.Nf3 Re6 42.Nd2 Kd7 43.Kf2 Kd6
44.Ke3 Kc5 45.Nf3 Re8 46.g4 Bc8 47.Nd5 Be6 48.Nc7 Re7 49.Nd4 Bc8 50.Nd5 Rf7
51.b4+ axb4 52.Nb3+ Kd6 53.Nxb6 Ba6 54.Nd2 Kc5 55.Nd5 Bc4 56.Nf4 g5 57.Ng2 b3
58.Ne1 h6 59.Nef3 Ra7 60.Nd4 Rxa4 61.N4xb3+ Bxb3 62.Nxb3+ Kd6 63.Nd2 Ra1
64.Nf3 Rh1 65.Kf2 Ke7 66.h4 gxh4 67.Kg2 Rb1 68.Nxh4 Kf6 69.Nf3 Rxb2+ 70.Kg3  1/2-1/2

[Event "TCh-CZE Div1 Zapad 2012-13"]
[Site "Czech Republic CZE"]
[Date "2013.04.21"]
[Round "11.3"]
[White "Vrana,J"]
[Black "Voloshin,L"]
[Result "1-0"]
[WhiteElo "2275"]
[BlackElo "2426"]

1.e4 d6 2.d4 Nf6 3.Nc3 e5 4.dxe5 dxe5 5.Qxd8+ Kxd8 6.Bc4 Be6 7.Bxe6 fxe6
8.f3 Bd6 9.Be3 Ke7 10.Nh3 a6 11.Nb1 b5 12.Nd2 Nbd7 13.Nf2 Bc5 14.Ke2 Bxe3
15.Kxe3 Nb6 16.Nd3 Nfd7 17.b3 c5 18.c4 Rhc8 19.g3 Rc6 20.f4 exf4+ 21.gxf4 bxc4
22.bxc4 Rd6 23.Rhg1 g6 24.Rac1 Rd4 25.Rc2 Rd8 26.Rb1 Kf7 27.Rb3 Kg7 28.Nb2 Rd6
29.e5 Rc6 30.Ne4 Rf8 31.a4 Rb8 32.Rcc3 Nc8 33.Rxb8 Nxb8 34.Rb3 Rb6 35.Rxb6 Nxb6
36.Nxc5 Kf7 37.a5 Nc8 38.Nbd3 Nc6 39.Nb3 N8e7 40.Ndc5 Nb8 41.Nd4 Nf5+ 42.Kd3 Nxd4
43.Kxd4 Nc6+ 44.Kc3 Nxa5 45.Nxa6 g5 46.fxg5 Nc6 47.c5 Nxe5 48.Nb8 Ke7 49.Kb4 Kd8
50.Kb5 Kc7 51.Na6+ Kc8 52.c6 Nf3 53.Kb6 Nxg5 54.Nc7 e5 55.h4 e4 56.hxg5 e3
57.Nb5 e2 58.Nd6+ Kd8 59.c7+ Ke7 60.c8=Q e1=Q 61.Qe8+  1-0

[Event "TCh-AUT 2 Mitte 2012-13"]
[Site "Fuerstenfeld AUT"]
[Date "2013.04.21"]
[Round "11.3"]
[White "Singer,C"]
[Black "Jovanovic,Zo CRO"]
[Result "1/2-1/2"]
[WhiteElo "2325"]
[BlackElo "2516"]

1.e4 d6 2.d4 Nf6 3.Nc3 e5 4.Nf3 Nbd7 5.Bc4 Be7 6.O-O O-O 7.Re1 c6 8.a4 b6
9.d5 cxd5 10.Bxd5 Nxd5 11.Nxd5 Bb7 12.c4 Rc8 13.b3 Nc5 14.Ba3 Bxd5 15.cxd5 Qd7
16.Rc1 a5 17.Bxc5 bxc5 18.Rc3 f5 19.Nd2 f4 20.Nc4 Bd8 21.Qh5 Rb8 22.Rd1 g6
23.Qh3 Qxh3 24.Rxh3 Bc7 25.Rc3 Rb4 26.Rdd3 Kg7 27.h3 h5 28.f3 Kh6 29.Kf2 Rf7
30.Na3 Rb6 31.Nc4 Rb4 32.Na3  1/2-1/2

[Event "48th Capablanca Open II 2013"]
[Site "Havana CUB"]
[Date "2013.04.21"]
[Round "1.17"]
[White "Garcia Treto,Diana Leydis"]
[Black "Agra Caballero,A"]
[Result "0-1"]
[WhiteElo "1975"]
[BlackElo "2202"]

1.e4 d6 2.Nc3 Nf6 3.d4 c6 4.Nf3 Bg4 5.Be2 e6 6.O-O Be7 7.d5 e5 8.Nd2 Bc8
9.Nc4 b5 10.Nd2 b4 11.Ncb1 cxd5 12.exd5 Bb7 13.Bc4 Nbd7 14.Nb3 Rc8 15.Qd3 O-O
16.Be3 e4 17.Qd4 Nb6 18.N1d2 Nxc4 19.Nxc4 Bxd5 20.Nbd2 Bxc4 21.Nxc4 d5 22.Nd2 Bc5
23.Qe5 Bxe3 24.fxe3 Qb6 25.Qg5 h6 26.Qg3 d4 27.Rae1 dxe3 28.Qxe3 Qxe3+ 29.Rxe3 Rxc2
30.Nxe4 Nxe4 31.Rxe4 Rxb2 32.Rf2 Rxf2 33.Kxf2 a5 34.Re5 Ra8 35.Ke3 a4 36.Rb5 b3
37.a3 Rc8 38.Rb4 Rc2 39.Kf3 b2 40.Rb8+ Kh7 41.Rb7 Rc3+ 42.Ke2 Rb3  0-1

[Event "48th Capablanca Open I 2013"]
[Site "Havana CUB"]
[Date "2013.04.21"]
[Round "1.19"]
[White "Fernandez Cardoso,A"]
[Black "Llaudy Pupo,L"]
[Result "1-0"]
[WhiteElo "2453"]
[BlackElo "2270"]

1.e4 d6 2.d4 Nf6 3.Nc3 c6 4.h3 Nbd7 5.g4 Qa5 6.Bg2 d5 7.e5 Ne4 8.Ne2 e6 9.O-O Nxc3
10.bxc3 Nb6 11.f4 g6 12.Qd3 Bd7 13.f5 Be7 14.a4 c5 15.fxe6 fxe6 16.Bh6 O-O-O
17.Rf7 Rde8 18.Bg7 Rhg8 19.Bf6 Bxf6 20.exf6 Rgf8 21.Rxf8 Rxf8 22.g5 Nc4 23.Nf4 Qc7
24.Rf1 Nd6 25.h4 Nf5 26.Bh3 cxd4 27.Bxf5 exf5 28.cxd4 Qd6 29.Qf3 Bxa4 30.Ra1 Bc6
31.Rxa7 Kb8 32.Ra1 Re8 33.Ng2 Re4 34.Qa3 Qxa3 35.Rxa3 Be8 36.Re3 Kc7 37.Kf2 Kd6
38.Kf3 Ba4 39.c3 Bd1+ 40.Kf2 Ba4 41.Ne1 Bb5 42.Nf3 Ke6 43.Nd2 Rxe3 44.Kxe3 Ba4
45.c4 Bc6 46.c5 Ba4 47.Nf3 Bb5 48.Ng1 Be8 49.Ne2 Kd7 50.Nf4 Bf7 51.Kd2 Kc7
52.Nd3 Kd7 53.Kc3  1-0

[Event "7th Agzamov Memorial"]
[Site "Tashkent UZB"]
[Date "2013.04.21"]
[Round "8"]
[White "Aitbayev,A"]
[Black "Sapaev,M"]
[Result "1-0"]
[WhiteElo "2434"]
[BlackElo "2153"]

1.e4 d6 2.d4 Nf6 3.Nc3 e5 4.Nf3 Nbd7 5.Bc4 Be7 6.O-O O-O 7.Re1 c6 8.a4 a5
9.Ba2 exd4 10.Nxd4 Nc5 11.Bf4 Qb6 12.Nb3 Be6 13.Nxc5 Qxc5 14.Qd3 Rad8 15.Be3 Qh5
16.Bxe6 fxe6 17.h3 d5 18.exd5 exd5 19.Bd4 Bd6 20.Re6 Ne8 21.Rae1 Qf7 22.Bb6 Nc7
23.R6e2 Rd7 24.Qd4 Na6 25.Qg4 Re7 26.Bd4 c5 27.Rxe7 Bxe7 28.Qxg7+ Qxg7 29.Bxg7 Rf7
30.Be5 Nb4 31.Re2 Bg5 32.Nb5 Re7 33.Kf1 Bc1 34.b3 d4 35.Bd6 Rxe2 36.Kxe2 b6
37.Bc7 Nd5 38.Bd8 Kf7 39.Nd6+ Ke6 40.Nc4 Nc3+ 41.Kd3 b5 42.axb5 Nxb5 43.Bxa5 Bg5
44.Ke4 Be7 45.f4 Na7 46.g4 Nc8 47.g5 Kf7 48.h4 Kg6 49.f5+ Kh5 50.f6 Bf8 51.Be1 Na7
52.Ne5 h6 53.g6 d3 54.cxd3  1-0

[Event "7th Agzamov Memorial"]
[Site "Tashkent UZB"]
[Date "2013.04.21"]
[Round "8"]
[White "Ismagambetov,An"]
[Black "Dzhumaev,M"]
[Result "1-0"]
[WhiteElo "2477"]
[BlackElo "2557"]

1.e4 d6 2.d4 Nf6 3.Nc3 e5 4.Nf3 Nbd7 5.Bc4 Be7 6.O-O O-O 7.Re1 a6 8.a4 b6
9.h3 Bb7 10.d5 h6 11.b3 Re8 12.Bb2 c6 13.dxc6 Bxc6 14.Nd5 Nxd5 15.Bxd5 Bxd5
16.Qxd5 Qc7 17.Re2 Nf6 18.Qd3 Qb7 19.Nd2 Rad8 20.Qf3 Bf8 21.Rae1 b5 22.axb5 axb5
23.Nb1 Rc8 24.Rd1 b4 25.Qd3 Rc5 26.Nd2 d5 27.Rde1 Qa8 28.exd5 Qa2 29.Nc4 Rxc4
30.Bxe5 Rxe5 31.bxc4 Rxe2 32.Rxe2 Qa1+ 33.Kh2 Bd6+ 34.g3 h5 35.Kg2 h4 36.gxh4 g6
37.Qd2 Kg7 38.Qe3 Qa2 39.Qb3 Qa3 40.Qe3 Qa1 41.Rd2 Qc1 42.Re2 Qa1 43.Rd2 Qa5
44.Qd4 Bc5 45.Qe5 b3 46.c3 Qa6 47.h5 Kh7 48.hxg6+ fxg6 49.d6 Qb7+ 50.Kh2 b2
51.Rxb2 Qxb2 52.Qxc5 Qb7 53.Qc7+  1-0

[Event "48th Capablanca Open II 2013"]
[Site "Havana CUB"]
[Date "2013.04.22"]
[Round "2.23"]
[White "Espin Diaz,E"]
[Black "Llorente Bello,Eduardo"]
[Result "1-0"]
[WhiteElo "1870"]
[BlackElo "2158"]

1.e4 d6 2.d4 Nf6 3.Nc3 e5 4.Nf3 Nbd7 5.Bc4 Be7 6.O-O O-O 7.a4 c6 8.a5 Rb8
9.b3 b5 10.axb6 axb6 11.Bb2 b5 12.Bd3 Qc7 13.Ne2 Re8 14.Ng3 Bf8 15.c3 Bb7
16.Qc2 Ra8 17.h3 h6 18.Nd2 g6 19.f4 Rxa1 20.Bxa1 exf4 21.Rxf4 Bg7 22.Rf1 Qb6
23.Kh1 c5 24.Nf3 Nf8 25.d5 N6d7 26.c4 bxc4 27.bxc4 Ne5 28.Nxe5 Rxe5 29.Rb1 Qc7
30.Qb2 Bc8 31.Qf2 Qe7 32.Bxe5 Bxe5 33.Ne2 Bd7 34.Ng1 Bc8 35.Nf3 Bg7 36.Rb8 Qc7
37.Ra8 Bb7 38.Ra7 Qb6 39.Qa2 Bc8 40.Ra8 Bd7 41.Ra6 Qb4 42.Rxd6 Qc3 43.Qc2 Qa1+
44.Qb1 Qc3 45.Rb6 g5 46.Qc2 Qa1+ 47.Rb1 Qf6 48.e5 Qf4 49.Qc1 Bxe5 50.Nxe5 Qxe5
51.Qe1 Qxe1+ 52.Rxe1 Kg7  1-0

[Event "48th Capablanca Open I 2013"]
[Site "Havana CUB"]
[Date "2013.04.22"]
[Round "2.7"]
[White "Ruiz Sanchez,O"]
[Black "Alvarez Pedraza,A"]
[Result "1/2-1/2"]
[WhiteElo "2366"]
[BlackElo "2500"]

1.e4 d6 2.d4 Nf6 3.Nc3 c6 4.f4 Qa5 5.Bd3 e5 6.Nf3 Bg4 7.Be3 Nbd7 8.O-O Be7
9.h3 Bxf3 10.Qxf3 exd4 11.Bxd4 O-O 12.Rae1 Rfe8 13.a3 Nf8 14.Ne2 N6d7 15.Be3 Bf6
16.Bc1 Qb6+ 17.Qf2 Nc5 18.Nc3 Nfe6 19.Kh2 Nxd3 20.cxd3 Qxf2 21.Rxf2 Nc5 22.Rd1 Bd4
23.Rff1 f5 24.Ne2 Nb3 25.Nxd4 Nxd4 26.Be3 Nb3 27.Bg1 a5 28.Rfe1 g6 29.g4  1/2-1/2

[Event "Admiral Niels Juel Cup 2013"]
[Site "Koge DEN"]
[Date "2013.04.22"]
[Round "4.14"]
[White "Thuesen,M"]
[Black "Stuhr,Peter Sebastian"]
[Result "0-1"]
[WhiteElo "2261"]
[BlackElo "1941"]

1.d4 d6 2.e4 Nf6 3.Nc3 Nbd7 4.f4 e5 5.Nf3 Be7 6.Bc4 c6 7.Bb3 Qc7 8.O-O h6
9.Kh1 a6 10.dxe5 dxe5 11.fxe5 Nxe5 12.Nxe5 Qxe5 13.Bf4 Qc5 14.e5 Bg4 15.exf6 Bxd1
16.fxg7 O-O-O 17.Raxd1 Rhg8 18.Bxf7 b5 19.Rxd8+ Rxd8 20.Rd1 Qf2 21.g8=Q Rxg8
22.Be6+ Kb7 23.Bxg8 Qxf4  0-1